| 000 | 01247nam a2200373 c 4500 | ||
|---|---|---|---|
| 001 | 10105 | ||
| 003 | ES-MaCES | ||
| 005 | 20250121040008.0 | ||
| 008 | 000119s1999 sp t o100 | spa d | ||
| 017 |
_aM 36427-1999 _bDL |
||
| 024 | 7 |
_a207-99-074-5 _2nipo |
|
| 035 | _aCES20000000954m | ||
| 040 |
_aES-MaCES _bspa _cES-MaCES |
||
| 041 | 0 |
_aspa _heng |
|
| 245 | 0 | 4 | _aLas conferencias ministeriales del Consejo de Europa sobre igualdad entre mujeres y hombres |
| 260 |
_aMadrid _bMinisterio de Trabajo y Asuntos Sociales, Instituto de la Mujer _c1999 |
||
| 300 |
_a127 p. _c20 cm |
||
| 490 | 0 |
_aSerie Documentos _v27 |
|
| 500 | _aEn la cub., además : Textos en versión española e inglesa | ||
| 541 | _cGratuito | ||
| 650 | 4 |
_amujeres _928657 |
|
| 650 | 4 |
_aigualdad de oportunidades _927183 |
|
| 650 | 4 |
_aconferencia _927013 |
|
| 650 | 4 |
_apolítica comunitaria _930776 |
|
| 650 | 4 |
_adeclaración _928950 |
|
| 650 | 4 |
_aplan de acción _930406 |
|
| 653 | 1 | 0 | _aMujer |
| 650 | 4 |
_926752 _aUE |
|
| 710 | 2 |
_aInstituto de la Mujer (España) _eed. _94190 |
|
| 830 | 0 |
_aSerie Documentos (Instituto de la Mujer (España)) _v27 _932068 |
|
| 902 | _aLIB Libro | ||
| 942 |
_2CES _cBK _h3.3. |
||
| 999 |
_c10105 _d10105 |
||